[Event "NWAPA Rector Cup"]
[Site "St Petersburg RUS"]
[Date "2006.11.01"]
[Round "3"]
[White "Ivanov,Al3"]
[Black "Anisimov,P"]
[Result "1-0"]
[WhiteElo "2437"]
[BlackElo "2527"]

1.e4 c5 2.Nf3 d6 3.d4 cxd4 4.Nxd4 Nf6 5.Nc3 a6 6.g3 e5 7.Nb3 Be7 8.Bg2 O-O
9.O-O b5 10.a4 b4 11.Nd5 Nxd5 12.exd5 a5 13.Bd2 Na6 14.c3 Rb8 15.Re1 Bf5
16.Bf1 bxc3 17.bxc3 Ra8 18.Bb5 Qc7 19.Be3 Nc5 20.Bxc5 dxc5 21.Qh5 g6 22.Qe2 Rfd8
23.Qxe5 Bd6 24.Qf6 Bf8 25.c4 Bc2 26.Qc3 Bxb3 27.Qxb3 Bg7 28.Ra2 Qd6 29.Rae2 Bf6
30.Re4 Ra7 31.Qe3 Kg7 32.h4 h6 33.h5 g5 34.Be8 Kf8 35.Qf3 Kg7 36.Qd3 Qf8
37.Bb5 Rb7 38.Kg2 Ra7 39.Qf3 Qd6 40.Qf5 Rf8 41.f4 Rb7 42.R1e2 Ra7 43.Re5 Rb7
44.Kf3 Kg8 45.Re8 Rb8 46.Rxb8 Rxb8 47.Re6 fxe6 48.Qxf6 Qf8 49.Qxe6+ Kh8 50.d6 gxf4
51.gxf4 Rb6 52.Qe7 Kg8 53.Qe6+ Kh8 54.Qe5+ Kh7 55.d7 Qd8 56.Qe8 Qh4 57.Qf7+ Kh8
58.Qe8+ Kh7 59.d8=Q Qh3+ 60.Kf2 Qh2+ 61.Ke1 Qg3+ 62.Kd2 Qxf4+ 63.Qe3  1-0

[Event "TCh-ESP Final"]
[Site "Lugo ESP"]
[Date "2006.11.04"]
[Round "2"]
[White "Perez Candelario,Man"]
[Black "Ibarra Jerez,JC"]
[Result "1/2-1/2"]
[WhiteElo "2496"]
[BlackElo "2451"]

1.e4 c5 2.Nc3 a6 3.Nf3 d6 4.d4 cxd4 5.Nxd4 Nf6 6.g3 e5 7.Nb3 Nbd7 8.a4 b6
9.Bg2 Bb7 10.O-O Rc8 11.Re1 Be7 12.Nd2 O-O 13.Nf1 Re8 14.g4 g6 15.h4 Rc4
16.g5 Nh5 17.Ne3 Rd4 18.Qf3 Nf4  1/2-1/2

[Event "TCh-ROM Divizia A Masculin"]
[Site "Predeal ROM"]
[Date "2006.11.04"]
[Round "1"]
[White "Butunoi,A"]
[Black "Bach,A"]
[Result "1-0"]
[WhiteElo "2400"]
[BlackElo "2274"]

1.e4 c5 2.Nf3 d6 3.d4 cxd4 4.Nxd4 Nf6 5.Nc3 a6 6.g3 e5 7.Nde2 Nbd7 8.Bg2 b5
9.h3 h5 10.Nd5 Nxd5 11.exd5 g6 12.a4 b4 13.Bd2 a5 14.O-O Bg7 15.c3 Rb8 16.cxb4 axb4
17.Be3 h4 18.g4 O-O 19.Qd2 f5 20.f3 Ba6 21.Rfc1 f4 22.Bf2 Qg5 23.Rc6 Bxe2
24.Qxe2  1-0

[Event "NWAPA Rector Cup"]
[Site "St Petersburg RUS"]
[Date "2006.11.05"]
[Round "7"]
[White "Ivanov,Al3"]
[Black "Lovkov,R"]
[Result "1-0"]
[WhiteElo "2437"]
[BlackElo "2414"]

1.e4 c5 2.Nf3 d6 3.d4 cxd4 4.Nxd4 Nf6 5.Nc3 a6 6.g3 e5 7.Nb3 Nbd7 8.Bg2 b5
9.a4 b4 10.Nd5 Nxd5 11.exd5 a5 12.O-O Be7 13.Bd2 O-O 14.c3 bxc3 15.Bxc3 Qb6
16.Ra3 Nc5 17.Nxa5 Rxa5 18.b4 Ra7 19.a5 Qb5 20.bxc5 Qxc5 21.Qa1 Bg5 22.Rb1 Rb7
23.Rab3 Rxb3 24.Rxb3 Qa7 25.Rb6 Be7 26.Bb4 Rd8 27.Qa3 f5 28.Bf1 f4 29.Qc3 Rf8
30.Qc6 h5 31.Bd3 fxg3 32.hxg3 h4 33.gxh4 e4 34.Bxe4 Bxh4 35.Qxd6 Bxf2+ 36.Kg2 Re8
37.Bh7+ Kh8 38.Bg6  1-0

[Event "Ataturk Festival Open"]
[Site "Adana TUR"]
[Date "2006.11.08"]
[Round "3"]
[White "Taner,B"]
[Black "Esen,B"]
[Result "0-1"]
[WhiteElo "2166"]
[BlackElo "2464"]

1.e4 c5 2.Nf3 d6 3.d4 cxd4 4.Nxd4 Nf6 5.Nc3 a6 6.g3 e5 7.Nde2 b5 8.Bg2 Bb7
9.Bg5 Nbd7 10.O-O Be7 11.a3 Rc8 12.Qd2 O-O 13.Rfd1 h6 14.Bxf6 Nxf6 15.h3 Rc5
16.Qe3 Qa8 17.g4 Nh7 18.f4 Rfc8 19.Rd3 Nf6 20.Rf1 a5 21.Ng3 Bf8 22.fxe5 Rxe5
23.Qf4 b4 24.axb4 axb4 25.Nd5 Bxd5 26.exd5 Rxc2 27.Ne4 Rxg2+ 28.Kxg2 Rxe4
29.Qf3 Qe8 30.Rf2 Qe5 31.b3 h5 32.gxh5 Qxh5 33.Qxh5 Nxh5 34.Rdf3 g5 35.Rf5 f6
36.Ra2 Kf7 37.Rf3 Nf4+ 38.Kg3 Nxd5 39.Ra5 Ke6 40.Ra8 Be7 41.Rb8 f5 42.Rb5 Bf6
43.Rb8 Be5+ 44.Kf2 Nf4 45.Rg8 Bf6 46.Re8+ Kf7 47.Rc8 g4  0-1

[Event "10th OIBM"]
[Site "Bad Wiessee GER"]
[Date "2006.11.12"]
[Round "9"]
[White "Cordts,I"]
[Black "Van der Weide,K"]
[Result "1/2-1/2"]
[WhiteElo "2324"]
[BlackElo "2463"]

1.e4 c5 2.Nc3 d6 3.Nf3 Nf6 4.d4 cxd4 5.Nxd4 a6 6.g3 e5 7.Nde2 Be7 8.Bg2 Nbd7
9.h3 b5 10.O-O Bb7 11.g4 Nc5 12.Ng3 g6 13.f4 b4 14.Nd5 Nxd5 15.exd5 Bh4 16.Qf3 Qe7
17.fxe5 dxe5 18.Bh6  1/2-1/2

[Event "IV Final Russian Cup Women"]
[Site "Moscow RUS"]
[Date "2006.11.15"]
[Round "7"]
[White "Shlakich,A"]
[Black "Lupik,M"]
[Result "1/2-1/2"]
[WhiteElo "2105"]
[BlackElo "2224"]

1.e4 c5 2.Nf3 d6 3.d4 Nf6 4.Nc3 cxd4 5.Nxd4 a6 6.g3 e6 7.Bg2 Be7 8.O-O O-O
9.Be3 Nbd7 10.f4 Nb6 11.Qe2 d5 12.e5 Ne8 13.Rad1 Qc7 14.Kh1 Nc4 15.Bc1 Bb4
16.f5 Qxe5 17.Qxe5 Nxe5 18.Rde1 Ng4 19.fxe6 fxe6 20.Rxf8+ Kxf8 21.Nxe6+ Bxe6
22.Rxe6 Nc7 23.Re1 Nf6 24.Rd1 Re8 25.Bf4 Bxc3 26.Bd6+ Kf7 27.bxc3 Nb5 28.Bb4 Re2
29.a4 Nc7 30.Ba5 Nce8 31.Bxd5+ Nxd5 32.Rxd5 Nf6 33.Rc5 Ng4 34.Rc7+ Kg8 35.Rxb7 Nxh2
36.Bb4 h5 37.Rb8+ Kh7 38.Rf8 g5 39.Bc5 g4 40.Rf2 Rxf2 41.Bxf2 Nf3 42.c4 Kg6
43.c5 Kf5 44.c6 Ke6 45.c7 Kd7 46.Bb6 Ne5 47.Kg1 Nc4 48.Bd4 Kxc7 49.Kf2 Kd6
50.Ke2 Kd5 51.Kd3 Nd6 52.Ba7 Nc4 53.Bd4 Nd6 54.Ba7 Nc4 55.Kc3 Nd6 56.Bb8 Nf5
57.Kb4 Kc6 58.Kc4 h4 59.gxh4 Nxh4 60.Kd4 Nf3+ 61.Ke3 Kc5 62.Kf4 Ne1 63.c3 Kc4
64.Kg3 Kxc3  1/2-1/2

[Event "19th Belgrade Trophy"]
[Site "Belgrade SRB"]
[Date "2006.11.24"]
[Round "3"]
[White "Popovic,Al"]
[Black "Milic,Sl"]
[Result "1-0"]
[WhiteElo "2045"]
[BlackElo "1912"]

1.e4 c5 2.Nf3 d6 3.d4 cxd4 4.Nxd4 Nf6 5.Nc3 a6 6.g3 Bg4 7.f3 Bd7 8.g4 Nc6
9.Be3 e6 10.g5 Ng8 11.Qd2 Nge7 12.O-O-O b5 13.f4 b4 14.Nce2 d5 15.Bg2 Na5
16.Ng3 Nc4 17.Qe2 Qa5 18.Kb1 Bb5 19.Qf2 Rc8 20.Rhe1 dxe4 21.Bxe4 g6 22.Nb3 Qc7
23.Bd4 Rg8 24.f5 gxf5 25.Nh5 Nd6 26.Nf6+  1-0

[Event "ch-ESP Abierto"]
[Site "Leon ESP"]
[Date "2006.11.26"]
[Round "5"]
[White "Fernandez Aguado,E"]
[Black "Trujillo Delgado,D"]
[Result "1-0"]
[WhiteElo "2356"]
[BlackElo "2206"]

1.e4 c5 2.Nf3 d6 3.d4 cxd4 4.Nxd4 Nf6 5.Nc3 a6 6.g3 e6 7.Bg2 Be7 8.O-O O-O
9.a4 Qc7 10.Be3 Nc6 11.Nb3 b6 12.Qe2 Bb7 13.Rad1 Rfe8 14.g4 Bf8 15.g5 Nd7
16.f4 g6 17.Rf3 Ne7 18.Rh3 Bg7 19.Qf2 Rad8 20.Nd4 d5 21.f5 Bxd4 22.Bxd4 e5
23.f6 exd4 24.Rxh7 Qc5 25.Qh4  1-0

[Event "19th Belgrade Trophy"]
[Site "Belgrade SRB"]
[Date "2006.11.27"]
[Round "6"]
[White "Volas,N"]
[Black "Ilic,Z3"]
[Result "0-1"]
[WhiteElo "2113"]
[BlackElo "2304"]

1.e4 c5 2.Nf3 d6 3.d4 cxd4 4.Nxd4 Nf6 5.Nc3 a6 6.g3 e6 7.Bg2 Be7 8.O-O O-O
9.h3 Qc7 10.Be3 Nc6 11.Nce2 d5 12.exd5 Nxd5 13.Nxc6 bxc6 14.Bd2 Rd8 15.Qe1 a5
16.a3 a4 17.Kh2 Ba6 18.Ba5 Nb6 19.f4 Rdc8 20.Qf2 Rab8 21.Rfe1 c5 22.Nc3 Bf6
23.Be4 Qd7 24.Red1 Bd4 25.Bxb6 Rxb6 26.Rab1 Rcb8 27.f5 exf5 28.Bxf5 Rf6 29.Qxd4 Qxd4
30.Rxd4 cxd4 31.Nd5 Rd6 32.Nb4 g6 33.Bg4 d3 34.cxd3 Bxd3 35.Rd1 Rbd8 36.Bf3 Bc4
37.Rxd6 Rxd6 38.g4 Bb3  0-1

[Event "19th Belgrade Trophy"]
[Site "Belgrade SRB"]
[Date "2006.11.29"]
[Round "8"]
[White "Stanojoski,Z"]
[Black "Kojovic,D"]
[Result "1-0"]
[WhiteElo "2488"]
[BlackElo "2367"]

1.e4 c5 2.Nf3 d6 3.d4 cxd4 4.Nxd4 Nf6 5.Nc3 a6 6.g3 e5 7.Nde2 Be7 8.Bg2 Nbd7
9.h3 b5 10.g4 b4 11.Nd5 Nxd5 12.exd5 O-O 13.Ng3 Nc5 14.a3 bxa3 15.b4 Nd7
16.Rxa3 Rb8 17.c3 Nb6 18.O-O Bd7 19.Re1 Bb5 20.Nf5 Nc4 21.Ra2 Bg5 22.Bxg5 Qxg5
23.Qc1 Qd8 24.Bf1 g6 25.Ne3 Qc8 26.Qa1 f5 27.gxf5 gxf5 28.f4 exf4 29.Rg2+ Kh8
30.Nxc4 f3 31.Nxd6 fxg2 32.c4+ Kg8 33.Nxc8 gxf1=Q+ 34.Rxf1  1-0

[Event "ch-ESP Abierto"]
[Site "Leon ESP"]
[Date "2006.11.30"]
[Round "9"]
[White "Saenz Narciso,M"]
[Black "Pena Gomez,M"]
[Result "0-1"]
[WhiteElo "2141"]
[BlackElo "2319"]

1.e4 c5 2.Nf3 d6 3.d4 cxd4 4.Nxd4 Nf6 5.Nc3 a6 6.g3 e5 7.Nde2 Be7 8.Bg2 O-O
9.O-O Nbd7 10.h3 b5 11.g4 b4 12.Na4 Qa5 13.c4 Bb7 14.Ng3 Bc6 15.Nf5 Rfe8
16.b3 Bxa4 17.bxa4 Nc5 18.g5 Nfd7 19.Be3 Qxa4 20.Nxe7+ Rxe7 21.Qxd6 Re6 22.Qd5 Rc8
23.h4 Nb6 24.Qd1 Ree8 25.Qxa4 Ncxa4 26.Bxb6 Nxb6 27.a3 a5 28.axb4 axb4 29.Rfb1 Rxc4
30.Ra5 Nd7 31.Rb5 Rb8 32.Rxb8+ Nxb8 33.Ra1 b3 34.Rb1 Rb4 35.Rb2 Nd7 36.Bf3 Nc5
37.Bd1 Rxe4 38.Bxb3 Rxh4 39.Bd5 g6 40.Rb5 Ne4 41.Bxe4 Rxe4 42.f3 Rf4 43.Kg2 Rf5
44.f4 Rxf4 45.Rxe5 Rf5  0-1

[Event "TCh-BEL 2006-7"]
[Site "Belgium BEL"]
[Date "2006.12.03"]
[Round "5"]
[White "Dutreeuw,M"]
[Black "Docx,S"]
[Result "1-0"]
[WhiteElo "2384"]
[BlackElo "2359"]

1.e4 c5 2.Nf3 d6 3.d4 cxd4 4.Nxd4 Nf6 5.Nc3 a6 6.g3 e5 7.Nf3 Be7 8.Bg2 O-O
9.O-O Nc6 10.Bg5 Be6 11.Bxf6 Bxf6 12.Nd5 Bxd5 13.Qxd5 Qb6 14.Qb3 Qxb3 15.axb3 Rfd8
16.c3 Ne7 17.Rfd1 d5 18.exd5 Nxd5 19.Nxe5 Nxc3 20.bxc3 Bxe5 21.Bxb7 Rab8
22.Bxa6 Bxc3 23.Rxd8+ Rxd8 24.Rc1 Be5 25.Rc5 Bd6 26.Rc6 Kf8 27.Bc4 Ke7 28.Ra6 Rd7
29.Ra5 g6 30.g4 Rc7 31.h3 Rc5 32.Ra7+ Rc7 33.Ra8 Kf6 34.Ra6 Ke7 35.Kf1 Bc5
36.Ra5 Kd6 37.Ke2 Re7+ 38.Kf3 Ra7 39.Rxa7 Bxa7 40.Bxf7 g5 41.Ke2 Ke5 42.f3 Kd4
43.f4 gxf4 44.Kf3 Ke5 45.g5 Kf5 46.h4 Bc5 47.Bc4 Kg6 48.Bd3+ Kg7 49.Kxf4 Bf2
50.h5 Be1 51.Ke5 Bd2 52.g6 Bc3+ 53.Kd5 Kh6 54.Ke6 Kg7 55.Be4 Bd2 56.Kd5 Kh6
57.Kd4 Bc1 58.Ke5 Kg7 59.b4 Bb2+ 60.Kd5 Bc1 61.b5 Be3 62.Kc6 Bf4 63.b6  1-0

[Event "44th National A ch-IND"]
[Site "Atul IND"]
[Date "2006.12.20"]
[Round "3"]
[White "Barua,D"]
[Black "Arun Prasad,S"]
[Result "1/2-1/2"]
[WhiteElo "2471"]
[BlackElo "2424"]

1.e4 c5 2.Nf3 d6 3.d4 cxd4 4.Nxd4 Nf6 5.Nc3 a6 6.g3 e5 7.Nb3 b5 8.a4 b4 9.Nd5 Nxd5
10.Qxd5 Ra7 11.Be3 Be6 12.Qa5 Qxa5 13.Nxa5 Rc7 14.Bd3 d5 15.exd5 Bxd5 16.O-O Bc5
17.Rfe1 O-O 18.b3 Bxe3 19.Rxe3 Rc5 20.Nc4 f6 21.Nb6 Bf7 22.a5 Rd8 23.Ra4  1/2-1/2

[Event "15th Donau Open"]
[Site "Aschach an der Donau AUT"]
[Date "2006.12.26"]
[Round "1"]
[White "Hodova,L"]
[Black "Knoll,H"]
[Result "0-1"]
[WhiteElo "2116"]
[BlackElo "2361"]

1.e4 c5 2.Nf3 d6 3.d4 cxd4 4.Nxd4 Nf6 5.Nc3 a6 6.g3 e5 7.Nde2 Be6 8.Bg2 Qc7
9.O-O Nbd7 10.h3 Rc8 11.g4 h6 12.Ng3 b5 13.a3 Nb6 14.f4 Nc4 15.Kh1 Qc5 16.fxe5 dxe5
17.Nf5 g6 18.Nd6+ Bxd6 19.Rxf6 Be7 20.Rf3 h5 21.gxh5 Rxh5 22.Rd3 Qf2 23.b3 Nd6
24.Be3 Qh4 25.Bg1 Rxc3 26.Rxc3 Nxe4 27.Re3 Ng3+ 28.Rxg3 Qxg3 29.Bh2 Qc3 30.Qe1 Qxe1+
31.Rxe1 Bxh3 32.Bxe5 Be6+  0-1

[Event "Masters"]
[Site "Singapore SIN"]
[Date "2006.12.27"]
[Round "4"]
[White "Su Yamin"]
[Black "Duong The Anh"]
[Result "1/2-1/2"]
[WhiteElo "2214"]
[BlackElo "2393"]

1.e4 c5 2.Nf3 d6 3.d4 cxd4 4.Nxd4 Nf6 5.Nc3 a6 6.g3 e5 7.Nde2 Be7 8.a4 b6
9.Bg2 Bb7 10.O-O Nbd7 11.Nd5 Nxd5 12.exd5 O-O 13.g4 Re8 14.Ng3 Nf8 15.Nf5 Ng6
16.Be3 Bc8 17.Kh1 h6 18.Be4 Bg5 19.Qf3 Nh4 20.Qh3 Ng6 21.Bxg5 hxg5 22.Ra3 Bxf5
23.Bxf5 Nf8 24.Be4 Rc8 25.Qh5 g6 26.Qh6 Rc4 27.Rh3 Qf6 28.Re1 Rxa4 29.Rg3 Qe7
30.Rh3 Qf6 31.Rf3 Qe7 32.Rh3 Qf6  1/2-1/2

[Event "Masters"]
[Site "Singapore SIN"]
[Date "2006.12.27"]
[Round "4"]
[White "Teo,W"]
[Black "Sitanggang,S"]
[Result "0-1"]
[WhiteElo "2195"]
[BlackElo "2423"]

1.e4 c5 2.Nf3 d6 3.d4 cxd4 4.Nxd4 Nf6 5.Nc3 a6 6.g3 e5 7.Nde2 Qc7 8.Bg2 Nbd7
9.O-O b5 10.h3 Be7 11.g4 b4 12.Nd5 Nxd5 13.exd5 O-O 14.a3 Rb8 15.axb4 Rxb4
16.b3 Rb8 17.Bd2 Nc5 18.Ba5 Qa7 19.b4 Nd7 20.c4 h5 21.Ng3 hxg4 22.hxg4 g6
23.Qd2 Nf6 24.Rfc1 Nxg4 25.c5 Bh4 26.Nh1 Qe7 27.cxd6 Qf6 28.Rc7 e4 29.Ra3 e3
30.fxe3 Qxd6 31.Rc6 Qh2+ 32.Kf1 Ne5 33.Rxc8 Rbxc8 34.Rc3 Nf3  0-1

[Event "Masters"]
[Site "Singapore SIN"]
[Date "2006.12.27"]
[Round "4"]
[White "Zhang Zhong"]
[Black "Li Chao"]
[Result "1-0"]
[WhiteElo "2609"]
[BlackElo "2320"]

1.e4 c5 2.Nf3 d6 3.d4 cxd4 4.Nxd4 Nf6 5.Nc3 a6 6.g3 e5 7.Nb3 Nbd7 8.a4 b6
9.Bg2 Bb7 10.O-O Be7 11.Re1 O-O 12.Nd2 Rc8 13.Nf1 g6 14.Bg5 Rc4 15.Qe2 Rb4
16.Bh6 Re8 17.b3 Qa8 18.Nd2 a5 19.Nb5 Rc8 20.c4 Nc5 21.Rab1 Ba6 22.Na3 Nxb3
23.Rxb3 Rxb3 24.Nxb3 d5 25.Nb5 dxc4 26.Nd2 c3 27.Nc4 Qc6 28.Nxe5 Qe6 29.Nf3 c2
30.Nfd4 Qa2 31.e5 Nd5 32.Qg4 Nb4 33.Qd7 Nd3 34.Nxc2 Qxc2 35.Rf1 Bf8 36.e6 Ne5
37.exf7+ Nxf7 38.Bd5 Bxh6 39.Bxf7+ Kh8 40.Nd6 Qc7 41.Qe6 Rd8 42.Ne8 Qc3 43.Qxb6 Rxe8
44.Qxa6 Rf8 45.Bc4 Bg7 46.Be2 Qc5 47.Qb5 Qe7 48.Qc4 Qb7 49.Qb5 Qe4 50.Bd3 Qf3
51.Qc4 Rd8 52.Be4 Qf8 53.Kg2 Rd2 54.Bd3 Rb2 55.Qd5 Rd2 56.Qe4 Qd8 57.Bb5 Bd4
58.Qf4 Bc3 59.Re1 Kg7 60.Rc1 Qd5+ 61.Kg1 Rd1+ 62.Rxd1 Qxd1+ 63.Kg2 Qd5+ 64.Kg1 Qd1+
65.Bf1 Qd7 66.h4 Bf6 67.Bb5 Qe7 68.Bc6 Be5 69.Qc4 Bf6 70.Kg2 Qe5 71.Bd5 Qe7
72.Qc8 Qd8 73.Qe6 Qf8 74.f4 Be7 75.Kh2 Bd6 76.Kg2 Be7 77.Bc4 Bb4 78.Kf3 h5
79.Bd3 Qf6 80.Qe4 Qf7 81.Qc6 Qf6 82.Qb5 Qe6 83.Kg2 Qa2+ 84.Kh3 Qe6+ 85.f5 gxf5
86.Bxf5 Qe1 87.Qb7+ Kf6 88.Qf3 Kg7 89.Be4 Bd6 90.Qd3 Be7 91.Qd4+ Bf6 92.Qd7+ Kf8
93.Qf5 Ke7 94.Qc5+ Kd7 95.Bc6+ Ke6 96.Qxh5 Be5 97.Qg6+ Ke7 98.Bg2 Qb4 99.Qg4 Qxg4+
100.Kxg4 Bc7 101.Kf3 Kf7 102.g4 Kf6 103.Bf1 Bd6 104.Bd3  1-0

[Event "Masters"]
[Site "Singapore SIN"]
[Date "2006.12.28"]
[Round "6"]
[White "Teo,W"]
[Black "Gu Xiaobing"]
[Result "1/2-1/2"]
[WhiteElo "2195"]
[BlackElo "2361"]

1.e4 c5 2.Nf3 d6 3.d4 cxd4 4.Nxd4 Nf6 5.Nc3 a6 6.g3 e5 7.Nde2 b5 8.Bg2 Bb7
9.O-O Be7 10.h3 Nbd7 11.g4 b4 12.Nd5 Nxd5 13.exd5 O-O 14.f4 exf4 15.Rxf4 Qb6+
16.Qd4 a5 17.a3 Bg5 18.Rf5 Bf6 19.Qxb6 Nxb6 20.axb4 axb4 21.Rxa8 Rxa8 22.Rf4 Nxd5
23.Bxd5 Bxd5 24.Rxb4 h6 25.Bf4 Bf3 26.Kf2 Bc6 27.Bxd6 Rd8 28.Rb8 Rxb8 29.Bxb8 Bxb2
30.Bd6 Bf6 31.c4 Kh7 32.c5 Kg6 33.Nf4+ Kh7 34.Nd3 Bd4+ 35.Kg3 Be4 36.Nf2 Bb7
37.Nd3 Kg6 38.Nf4+ Kf6 39.Bf8 Be5 40.Bd6 g5 41.Bxe5+ Kxe5 42.Nh5 Be4 43.Kf2 Bg6
44.c6 Kd6 45.Nf6 Kxc6 46.Ng8 h5 47.gxh5 Bxh5 48.Nf6 Bg6 49.Kg3 Bf5 50.h4 gxh4+
51.Kxh4 Kd6 52.Kg5 Ke5 53.Nh5 Bd7 54.Nf6 Bc8 55.Nh5 f5 56.Nf4 Ba6 57.Ng6+ Ke4
58.Nf4 Bc4 59.Nh3  1/2-1/2

[Event "Masters"]
[Site "Singapore SIN"]
[Date "2006.12.28"]
[Round "6"]
[White "Wang Hao"]
[Black "Zhao Jun"]
[Result "1/2-1/2"]
[WhiteElo "2622"]
[BlackElo "2539"]

1.e4 c5 2.Nf3 d6 3.d4 cxd4 4.Nxd4 Nf6 5.Nc3 a6 6.g3 e5 7.Nb3 Be7 8.a4 O-O
9.Bg2 b6 10.O-O Bb7 11.Re1 Nbd7 12.Nd2 Rc8 13.Nf1 Re8 14.g4 Nc5 15.Ng3 g6
16.g5 Nfd7 17.h4 Ne6 18.Be3 Bf8 19.Qd2 h6 20.Nd5 hxg5 21.hxg5 a5 22.Rad1 Bg7
23.Nc3 Bf8 24.Nd5 Bg7 25.Nc3 Bf8 26.Nb5 Rc6 27.Na7 Rc7 28.Nb5 Rc6 29.Na7  1/2-1/2

[Event "Masters"]
[Site "Singapore SIN"]
[Date "2006.12.28"]
[Round "6"]
[White "Su Yamin"]
[Black "Chiong,L"]
[Result "0-1"]
[WhiteElo "2214"]
[BlackElo "2364"]

1.e4 c5 2.Nf3 d6 3.d4 cxd4 4.Nxd4 Nf6 5.Nc3 a6 6.g3 e6 7.Bg2 Be7 8.O-O O-O
9.Be3 Qc7 10.h3 Nc6 11.a4 Rb8 12.f4 Re8 13.Kh2 Nd7 14.f5 Nde5 15.Qh5 Bd7
16.Rf2 g6 17.fxg6 fxg6 18.Qh6 Rf8 19.Raf1 Rxf2 20.Rxf2 Rf8 21.Rxf8+ Bxf8
22.Qg5 Be7 23.Qf4 Nf7 24.Nxc6 Bxc6 25.Qg4 Bd7 26.h4 Ne5 27.Qf4 b5 28.axb5 axb5
29.Bd4 b4 30.Nd1 Qxc2 31.Nf2 Nf7 32.Bf6 Bf8 33.h5 e5 34.Qf3 Qxb2 35.hxg6 hxg6
36.Bh3 Bxh3 37.Kxh3 Bg7 38.Ng4 Qc3 39.Qf1 Bf8 40.Bh4 Qc8 41.Qf6 Nh6 42.Qxg6+ Bg7  0-1

[Event "Hilton Open"]
[Site "Basel SUI"]
[Date "2007.01.06"]
[Round "6"]
[White "Milosevic,Go"]
[Black "Senff,M"]
[Result "1/2-1/2"]
[WhiteElo "2401"]
[BlackElo "2468"]

1.e4 c5 2.Nc3 d6 3.Nf3 Nf6 4.d4 cxd4 5.Nxd4 a6 6.g3 e5 7.Nb3 Nbd7 8.a4 b6
9.Bg2 Bb7 10.O-O Be7 11.Re1 O-O 12.Nd2 Nc5 13.Nf1 b5 14.Bg5 b4 15.Bxf6 bxc3
16.Bxe7 Qxe7 17.bxc3 Qe6 18.Rb1 Rab8 19.Rb6 Rfd8 20.a5 Na4 21.Rb4 Bc6 22.Qd2 Nc5
23.Reb1 Rb5 24.Rxb5 Bxb5 25.Qd5 Qc8 26.Ne3 Qc7 27.Ra1 Bc6 28.Qc4 Qb7 29.Nf5 Qc7
30.Ne3 Qb7 31.Re1 Qc7 32.Ra1  1/2-1/2

[Event "TCh-BEL 2006-7"]
[Site "Belgium BEL"]
[Date "2007.01.14"]
[Round "6"]
[White "Wemmers,X"]
[Black "Van der Stricht,G"]
[Result "0-1"]
[WhiteElo "2410"]
[BlackElo "2423"]

1.e4 c5 2.Nf3 d6 3.d4 cxd4 4.Nxd4 Nf6 5.Nc3 a6 6.g3 e5 7.Nde2 Be7 8.Bg2 Nbd7
9.h3 b5 10.g4 b4 11.Nd5 Nxd5 12.exd5 a5 13.O-O Ba6 14.a3 O-O 15.Re1 Bxe2
16.Qxe2 b3 17.cxb3 Nc5 18.Qd1 Rb8 19.b4 axb4 20.a4 Bg5 21.Be3 Bxe3 22.fxe3 b3
23.Qd2 h5 24.gxh5 Qh4 25.Qe2 Nxa4 26.Rec1 Nc5 27.Rc4 e4 28.Rf1 f5 29.Kh1 Kh8
30.Rd4 f4 31.exf4 Rxf4 32.Rxf4 Qxf4 33.Rd1 Re8 34.Rf1 Qg5 35.Rf7 Qxd5 36.Qf1 Qxh5
37.Rf5 Qg6 38.Rf4 Kg8 39.Rg4 Qe6 40.Qf4 Qe5 41.Qc1 Nd3 42.Qd2 d5 43.Rg6 Rc8  0-1

[Event "TCh-BEL 2006-7"]
[Site "Belgium BEL"]
[Date "2007.01.14"]
[Round "6"]
[White "Popovic,Pe"]
[Black "Maenhout,T"]
[Result "1-0"]
[WhiteElo "2483"]
[BlackElo "2320"]

1.e4 c5 2.Nf3 d6 3.d4 cxd4 4.Nxd4 Nf6 5.Nc3 a6 6.g3 e5 7.Nde2 Nbd7 8.a4 b6
9.Bg2 Bb7 10.h3 Be7 11.g4 Nc5 12.Ng3 g6 13.Be3 Ne6 14.Qd2 Rc8 15.g5 Nd7 16.h4 h6
17.gxh6 Bxh4 18.Bh3 Ndc5 19.b4 Nd4 20.Bxd4 exd4 21.Nd5 Ne6 22.Bxe6 fxe6 23.Qxd4 e5
24.Qxb6 Qxb6 25.Nxb6 Rc6 26.Rxh4 Rxb6 27.c3 Kf7 28.Kd2 Rh7 29.Rg1 Bc6 30.a5 Rb8
31.Nf1 Rbh8 32.Ng3 Rxh6 33.Rxh6 Rxh6 34.Ke3 Rh8 35.Rh1 Rb8 36.Rh7+ Ke6 37.Rc7 Bb5
38.Ne2 Ba4 39.Nc1 d5 40.exd5+ Kxd5 41.Nd3 Rh8  1-0

[Event "5th Parsvnath Open"]
[Site "New Delhi IND"]
[Date "2007.01.17"]
[Round "4"]
[White "Barua,D"]
[Black "Ahmed,SN"]
[Result "1-0"]
[WhiteElo "2467"]
[BlackElo "2325"]

1.e4 c5 2.Nf3 d6 3.d4 cxd4 4.Nxd4 Nf6 5.Nc3 a6 6.g3 e5 7.Nde2 Be7 8.Bg2 O-O
9.O-O b5 10.a3 Nbd7 11.h3 Nb6 12.g4 Bb7 13.Ng3 d5 14.exd5 Nfxd5 15.Re1 f6
16.Qd3 Rb8 17.Be4 h6 18.Bxh6 Nxc3 19.Bh7+ Kf7 20.Bg6+ Kg8 21.Bh7+ Kf7 22.Qg6+ Ke6
23.Qf5+ Kd6 24.Bxg7 Ncd5 25.Bxf8 Qxf8 26.Qf3 Kc7 27.Be4 Qh8 28.Nf5 Bc5 29.b4 Bf8
30.a4 Bxb4 31.a5 Nc4 32.Bxd5 Bxd5 33.Qxd5 Qxh3 34.Qf7+ Kc6 35.Qxf6+ Kb7 36.Qf7+ Ka8
37.Qd5+ Ka7 38.Qg2 Qc3 39.Rad1 Rb7 40.Qc6 Qh3 41.Qg2 Qc3 42.Ne3 Nxa5 43.Nd5 Qxe1+
44.Rxe1 Bxe1 45.Qe4 Bd2 46.Qxe5 Nc4 47.Qd4+ Kb8 48.Qf6 a5 49.g5 a4 50.g6 Bh6
51.Qh8+  1-0

[Event "5th Parsvnath Open"]
[Site "New Delhi IND"]
[Date "2007.01.18"]
[Round "6"]
[White "Iuldachev,S"]
[Black "Arun Prasad,S"]
[Result "0-1"]
[WhiteElo "2517"]
[BlackElo "2399"]

1.e4 c5 2.Nf3 d6 3.d4 cxd4 4.Nxd4 Nf6 5.Nc3 a6 6.g3 e5 7.Nb3 b5 8.a4 b4 9.Nd5 Nxd5
10.Qxd5 Ra7 11.Be3 Be6 12.Qxe6+  0-1

[Event "5th Parsvnath Open"]
[Site "New Delhi IND"]
[Date "2007.01.22"]
[Round "10"]
[White "Barua,D"]
[Black "Arun Prasad,S"]
[Result "1/2-1/2"]
[WhiteElo "2467"]
[BlackElo "2399"]

1.e4 c5 2.Nf3 d6 3.d4 cxd4 4.Nxd4 Nf6 5.Nc3 a6 6.g3 e5 7.Nde2 b5 8.a3 Bb7
9.Bg2 Nbd7 10.h3 Nc5 11.Bg5 Be7 12.Bxf6 Bxf6 13.Nd5 Na4 14.Rb1 Rc8 15.Ne3 g6
16.h4 h5 17.O-O Nb6 18.Qd3 O-O 19.Nc3 Nc4 20.Ned5 Nb6 21.Ne3 Nc4 22.Ncd5 Nxe3
23.Nxe3 Qb6 24.Rfd1 Rfd8 25.c3 Bg7 26.Bh3 Rc7 27.Qc2 Rc5 28.Bg2 Bh6 29.Qd3 Qc7
30.Rd2 Qe7 31.Rbd1 Qc7 32.Qe2 Bxe3 33.Qxe3 Bc8 34.Qh6 Bg4 35.Rf1 Qe7 36.f4 exf4
37.Rxf4 Qf8 38.Qxf8+ Kxf8 39.Rd4 Ke7 40.Rf2 f6 41.a4 Bd7 42.axb5 axb5 43.Rfd2 Bc6
44.Rd1 Re5 45.Ra1 Ra8 46.Rad1 Rd8 47.c4 bxc4 48.Rxc4 Rc5 49.Rcd4 Rc2 50.R1d2 Rxd2
51.Rxd2 Rb8 52.e5 Bxg2 53.exd6+ Kd7 54.Kxg2 g5 55.Rf2 gxh4 56.gxh4 Kxd6 57.Rxf6+ Ke5
58.Rf2 Rb3 59.Rc2 Kf4 60.Rc4+  1/2-1/2

[Event "ch-GER"]
[Site "Koenigshofen GER"]
[Date "2007.01.24"]
[Round "6"]
[White "Tischbierek,R"]
[Black "Henrichs,T"]
[Result "0-1"]
[WhiteElo "2486"]
[BlackElo "2483"]

1.e4 c5 2.Nf3 d6 3.d4 cxd4 4.Nxd4 Nf6 5.Nc3 a6 6.g3 e5 7.Nb3 Nbd7 8.Bg2 b5
9.a4 b4 10.Nd5 Nxd5 11.Qxd5 Rb8 12.O-O Be7 13.Qa5 Qb6 14.Qxb6 Nxb6 15.a5 Nc4
16.Nd2 Be6 17.b3 Nxd2 18.Bxd2 O-O 19.Ra4 Rfc8 20.Rc1 Rc6 21.Kf1 Bd8 22.Ke1 Rbc8
23.Rca1 Rxc2 24.Rxb4 Kf8 25.Bf1 Rb2 26.Bd3 d5 27.exd5 Bxd5 28.Bxa6 Rcc2 29.Rb8 Rxd2
30.Rxd8+ Ke7 31.Rb8 Rxf2 32.Rb5 Rbe2+ 33.Kd1 Rd2+ 34.Kc1 Rc2+ 35.Kb1 Rb2+
36.Kc1 Rfc2+ 37.Kd1 Bf3+ 38.Ke1 Re2+ 39.Kf1 Rf2+  0-1

[Event "Open"]
[Site "Moscow RUS"]
[Date "2007.01.27"]
[Round "1"]
[White "Potapov,P"]
[Black "Lavrentiev,Y"]
[Result "1-0"]
[WhiteElo "2380"]
[BlackElo "1977"]

1.e4 c5 2.Nf3 d6 3.d4 cxd4 4.Nxd4 a6 5.Nc3 Nf6 6.g3 Nc6 7.Bg2 Bg4 8.Nde2 Qd7
9.h3 Bh5 10.g4 Bg6 11.f4 h6 12.O-O e6 13.Ng3 O-O-O 14.Be3 d5 15.Bb6 Be7 16.e5 Ne8
17.f5 Bh7 18.Qe2 Nc7 19.Rad1 Nxe5 20.Qxe5 Bd6 21.Qe1 Rde8 22.Qf2 Qc6 23.Be3 g5
24.Nh5 Be5 25.Bd4 exf5 26.Ng7 Bxg7 27.Bxg7 Rhg8 28.Nxd5 Qb5 29.c4 Qa4 30.Bc3 Qxa2
31.Qc5 Kb8 32.Qxc7+  1-0

[Event "Open"]
[Site "Moscow RUS"]
[Date "2007.01.28"]
[Round "2"]
[White "Bacherikov,V"]
[Black "Smirnov,P"]
[Result "0-1"]
[WhiteElo "2209"]
[BlackElo "2621"]

1.e4 c5 2.Ne2 Nf6 3.Nbc3 d6 4.d4 cxd4 5.Nxd4 a6 6.g3 e5 7.Nde2 Be7 8.Bg2 Nbd7
9.O-O b5 10.Nd5 Nxd5 11.exd5 O-O 12.Be3 Qc7 13.Qd2 Nf6 14.h3 Bf5 15.c3 Be4
16.Rad1 Bxg2 17.Kxg2 a5 18.f4 Qc4 19.b3 Qe4+ 20.Kh2 a4 21.fxe5 dxe5 22.Qd3 axb3
23.axb3 Ra2 24.Rf2 Rc2 25.Rg2 Qxd3 26.Rxd3 Rd8 27.Ng1 Rxg2+ 28.Kxg2 Nxd5
29.Kf1 e4  0-1

[Event "TCh-NED 2006-7"]
[Site "Netherlands NED"]
[Date "2007.02.03"]
[Round "5"]
[White "Moll,A"]
[Black "Jens,J"]
[Result "0-1"]
[WhiteElo "2198"]
[BlackElo "2371"]

1.e4 c5 2.Nf3 d6 3.d4 cxd4 4.Nxd4 Nf6 5.Nc3 a6 6.g3 e6 7.Bg2 Be7 8.O-O O-O
9.Be3 Qc7 10.g4 Nfd7 11.Qe2 Nc6 12.Rad1 Nxd4 13.Bxd4 b5 14.e5 Rb8 15.exd6 Bxd6
16.h3 Ne5 17.Ne4 Be7 18.f4 Nc6 19.Be3 Nb4 20.c3 Nd5 21.Bc1 Bb7 22.f5 exf5
23.Rxf5 Rbd8 24.Nf2 Nb6 25.Rxd8 Rxd8 26.Bf4 Qd7 27.Bxb7 Qxb7 28.Re5 Nd5 29.Bg3 Kf8
30.Re4 Nf6 31.Re3 Bc5 32.Re5 Qb6 33.Kh2 Bd6 34.Re3 Nd5 35.Bxd6+ Qxd6+ 36.Rg3 Nf4
37.Qe4 g5 38.Qxh7 Ne2 39.Ne4 Qf4 40.Qh6+ Ke7 41.Qxg5+ Qxg5 42.Nxg5 Nxg3 43.Kxg3 Rd2
44.b3 Rxa2 45.b4 Ra3 46.Ne4 a5 47.bxa5 b4 48.Kf2 b3 49.Nd2 b2 50.Ke2 Rxa5
51.Kd1 Rd5  0-1